000 00686cam a22002413a 4500
001 28391
003 PGUSA
005 20140828083619.0
008 090323s2009||||xxu|||||s|||||000 1 eng d
040 _aPGUSA
_beng
042 _adc
050 4 _aPS
050 4 _aPZ
100 1 _aCastlemon, Harry,
_d1842-1915
245 1 0 _aTrue To His Colors
_h[electronic resource] /
_cHarry Castlemon
260 _bProject Gutenberg,
_c2009
506 _aPublic domain in the USA.
516 _aElectronic text
653 _aUnited States -- History -- Civil War, 1861-1865 -- Fiction
830 0 _aProject Gutenberg
_v28391
856 4 0 _uhttp://www.gutenberg.org/ebooks/28391
942 _cEB
999 _c257646
_d257646